000 00590nam a2200229Ia 4500
003 OSt
005 20221007075309.0
006 a|||||r|||| 00| 0
007 ta
008 221006b |||||||| |||| 00| 0 eng d
024 _a19,140
037 _cTextual
040 _aFLL
_cFLL
_beng
041 _2eng
_aeng
082 _aZ:8, M1
100 _aKishore Jugal
245 0 _aPersonnel management in libraries
260 _aNew Delhi
_bEss Ess Publications India
_c1981
300 _a401p
_ccm.
942 _hZ:8, M1
_cTEXL
_2CC
999 _c1155520
_d1155520